[Event "Match"]
[Site "www.echecsemail.com"]
[Date "2017.07.21"]
[Round "1"]
[White "Liencam2"]
[Black "Chapi"]
[WhiteElo "2300"]
[BlackElo "2130"]
[Result "0-1"]
[Round "1"]
1.e4 c5
2.Nb1c3 Nb8c6
3.Ng1f3 d6
4.Bf1b5 Bc8d7
5.Bb5xc6 Bd7xc6
6.d4 cxd4
7.Nf3xd4 g6
8.Bc1e3 Bf8g7
9.O-O Ng8f6
10.f4 Bc6xe4
11.Nc3xe4 Nf6xe4
12.f5 O-O
13.fxg6 hxg6
14.Qd1f3 Bg7xd4
15.Be3xd4 Ne4d2
16.Qf3h3 e5
17.Bd4e3 Nd2xf1
18.Ra1xf1 f5
19.Qh3h6 Qd8f6
20.Be3g5 Qf6g7
21.Qh6h4 Qg7h7
22.Qh4c4 Qh7f7
23.Qc4d3 Qf7e6
24.Rf1d1 Ra8c8
25.c3 Rc8c6
26.h4 Qe6xa2
27.Bg5e7 Qa2xb2
28.Be7xf8 Kxf8
29.c4 b6
30.Qd3d5 Qb2c2
31.Qd5xc6 Qc2xd1
32.Kh2 Ke7
33.Qc6b7 Kf6
34.Qb7xa7 Qd1d4
35.g3 e4
36.Qa7b8 Qd4xc4
37.Qb8xd6 Qc4e6
38.Qd6d4 Kf7
39.Kg2 e3
40.Kf1 Qe6e4
41.Qd4d7 Kg8
42.Qd7d8 Kh7
43.Qd8c7 Kh6
44.Ke2 b5
45.Qc7b8 Kh5
46.Qb8d8 Qe4g4
47.Kxe3 Qg4xg3
48.Kd2 Qg3xh4
49.Qd8h8 Kg4
50.Qh8d4 Kh3
51.Qd4e3 Qh4g3
52.Qe3e8 b4
53.Qe8b5 b3
{ resign }
0-1

[Event "Match"]
[Site "www.echecsemail.com"]
[Date "2017.07.21"]
[Round "1"]
[White "Cjood"]
[Black "Bojan"]
[WhiteElo "1880"]
[BlackElo "1980"]
[Result "0-1"]
[Round "1"]
1.e4 e5
2.Ng1f3 Nb8c6
3.Bf1c4 Qd8f6
4.d3 h6
5.O-O Nc6a5
6.Bc4d5 c6
7.Bd5b3 Na5xb3
8.axb3 Bf8c5
9.c3 d6
10.b4 Bc5b6
11.c4 Bc8g4
12.Nb1d2 Ng8e7
13.h3 Bg4h5
14.g4 Bh5g6
15.h4 Qf6e6
16.Nf3h2 Bg6h7
17.Nd2f3 Bb6d8
18.b3 Ne7g6
19.h5 Ng6f4
20.Bc1xf4 exf4
21.Rf1e1 O-O
22.Qd1d2 Qe6f6
23.d4 g5
24.hxg6 fxg6
25.e5 dxe5
26.dxe5 Qf6f7
27.e6 Qf7f6
28.Qd2d7 Bd8e7
29.Qd7xb7 Rf8c8
30.Ra1xa7 Ra8xa7
31.Qb7xc8 Kg7
32.Qc8xc6 Be7xb4
33.Re1d1 Ra7e7
34.Rd1d7 Bh7g8
35.Rd7xe7 Bb4xe7
36.c5 Bg8xe6
37.b4 h5
38.g5 Qf6f5
39.Nf3d4 Qf5xg5
40.Kf1 Be6c4
41.Nd4e2 Qg5e5
42.Qc6f3 g5
43.Qf3xh5 Bc4d5
44.Nh2g4 Qe5a1
45.Ne2c1 Qa1xc1
46.Ke2 f3
47.Kd3 Qc1c4
48.Kd2 Qc4xb4
49.Kc2 Qb4xc5
50.Kb1 Bd5e4
51.Ka2 Qc5c2
{ resign }
0-1

[Event "Match"]
[Site "www.echecsemail.com"]
[Date "2017.07.21"]
[Round "1"]
[White "Ketchuplover"]
[Black "Cal"]
[WhiteElo "1770"]
[BlackElo "1670"]
[Result "1-0"]
[Round "1"]
1.Ng1f3 d5
2.g3 h6
3.Bf1g2 Nb8c6
4.d4 Ng8f6
5.O-O e6
6.c3 a6
7.Rf1e1 Bf8d6
8.Nb1d2 Bc8d7
9.e4 dxe4
10.Nd2xe4 Nf6d5
11.Ne4xd6 cxd6
12.a4 b6
13.Qd1b3 O-O
14.Bc1e3 Qd8f6
15.Nf3d2 Ra8b8
16.Nd2e4 Qf6e7
17.Ra1c1 Nc6a5
18.Qb3a2 f5
19.Ne4d2 Na5c6
20.Bg2xd5 Nc6d8
21.Bd5c4 d5
22.Bc4xd5 exd5
23.Qa2xd5 Nd8e6
24.b3 Rb8d8
25.Nd2f3 Bd7c8
26.Qd5c4 Bc8b7
27.Nf3d2 Kh8
28.b4 Bb7d5
29.Qc4xa6 Rd8d6
30.c4 b5
31.Qa6xb5 Bd5c6
32.Qb5e5 Rf8f6
33.b5 Bc6a8
34.d5 Rf6g6
35.dxe6 Rd6xe6
36.Qe5b8 Qe7e8
37.Qb8xe8 Re6xe8
38.Be3f4 Ba8e4
39.f3 Be4d3
40.Re1xe8 Kh7
41.Rc1c3 { resign }
1-0

[Event "1/32 Finale"]
[Site "www.chess-mail.com"]
[Date "2017.07.21"]
[Round "1"]
[White "Corr"]
[Black "Claudia"]
[WhiteElo "1880"]
[BlackElo "2000"]
[Result "1-0"]
[Round "1"]
1.e4 e6
2.d4 d5
3.Nb1d2 Ng8f6
4.e5 Nf6d7
5.Bf1d3 c5
6.c3 Nb8c6
7.Ng1e2 cxd4
8.cxd4 Qd8b6
9.Nd2f3 f6
10.exf6 Nd7xf6
11.O-O Bf8d6
12.Bc1f4 Bd6xf4
13.Ne2xf4 Qb6c7
14.g3 O-O
15.Rf1e1 Qc7d6
16.Nf3g5 e5
17.dxe5 Nc6xe5
18.Ng5xh7 Nf6xh7
19.Bd3xh7 Kxh7
20.Qd1h5 Kg8
21.Re1xe5 Qd6b4
22.Nf4xd5 Qb4d6
23.Nd5e7 { resign }
1-0

[Event "1/128 Finale"]
[Site "www.chess-mail.com"]
[Date "2017.07.21"]
[Round "1"]
[White "Redabond"]
[Black "Amaya"]
[WhiteElo "1640"]
[BlackElo "1970"]
[Result "0-1"]
[Round "1"]
1.d4 g6
2.Bc1f4 Bf8g7
3.Nb1c3 Nb8c6
4.Nc3b5 d6
5.c3 a6
6.Nb5a3 Bc8d7
7.e3 Ng8f6
8.Ng1f3 O-O
9.Bf1c4 Nc6a5
10.Bc4d3 Bd7g4
11.h3 Bg4d7
12.O-O Nf6d5
13.e4 Nd5xf4
14.Bd3c2 Qd8c8
15.Nf3g5 Bg7h6
16.Ng5f3 Bd7xh3
17.g3 Bh3xf1
18.Kxf1 Qc8h3
19.Ke1 Qh3h1
20.Kd2 Qh1h5
21.gxf4 Bh6xf4
22.Ke2 Na5c6
23.Kd3 f5
24.Qd1e2 fxe4
25.Qe2xe4 e5
26.Qe4d5 Kh8
27.dxe5 Nc6xe5
28.Nf3xe5 dxe5
29.Qd5xb7 Ra8d8
30.Ke4 Bf4d2
31.Na3c4 Qh5g4
32.Kxe5 Rf8e8
33.Kf6 Bd2g5
34.Kf7 Re8f8

0-1

[Event "Tourn. n9352"]
[Site "www.chess-mail.com"]
[Date "2017.07.22"]
[Round "1"]
[White "Obisporey"]
[Black "Ssharp"]
[WhiteElo "2620"]
[BlackElo "2310"]
[Result "1-0"]
[Round "1"]
1.e4 e6
2.d4 d5
3.exd5 exd5
4.Ng1f3 Ng8f6
5.Bf1d3 Bf8d6
6.Qd1e2 Qd8e7
7.Qe2xe7 Bd6xe7
8.Bc1f4 c6
9.O-O h6
10.Rf1e1 Bc8e6
11.Nb1d2 O-O
12.h3 Nb8d7
13.c3 Rf8e8
14.Re1e2 Be7f8
15.Ra1e1 Nf6h5
16.Bf4h2 Nh5f6
17.Nf3h4 g6
18.Nh4xg6 Bf8g7
19.Ng6f4 Nd7f8
20.Nf4xe6 Re8xe6
21.Nd2f3 Re6xe2
22.Re1xe2  { time }
1-0

[Event "Tourn. n9344"]
[Site "www.chess-mail.com"]
[Date "2017.07.22"]
[Round "1"]
[White "Said1991"]
[Black "Jesmantiz"]
[WhiteElo "2219"]
[BlackElo "2160"]
[Result "0-1"]
[Round "1"]
1.e4 c6
2.d4 d6
3.c4 g6
4.f4 Bf8g7
5.Ng1f3 e6
6.Nb1c3 Ng8e7
7.Bf1d3 h6
8.Bc1e3 Nb8a6
9.a3 Na6c7
10.O-O O-O
11.Qd1d2 f5
12.Nf3h4 Qd8e8
13.e5 d5
14.Ra1c1 dxc4
15.Bd3xc4 Nc7d5
16.Nc3xd5 exd5
17.Bc4a2 Kh7
18.b4 Bc8d7
19.Nh4f3 Qe8d8
20.a4 Ne7g8
21.Rc1b1 a6
22.Rf1c1 b5
23.a5 Ra8c8
24.Rc1c2 Rf8e8
25.Rb1c1 Qd8e7
26.Nf3e1 Bg7f8
27.Ne1d3 Ng8f6
28.Nd3c5 Nf6e4
29.Qd2e1 Qe7g7
30.Nc5xa6 Bf8e7
31.Na6c5 Be7xc5
32.dxc5 g5
33.g3 g4
34.Ba2b3 h5
35.Rc1a1 Re8h8
36.a6 { time. }
0-1

[Event "Tourn. n9377"]
[Site "www.chess-mail.com"]
[Date "2017.07.22"]
[Round "1"]
[White "Conde7"]
[Black "Thrillerfan"]
[WhiteElo "2890"]
[BlackElo "2219"]
[Result "1-0"]
[Round "1"]
1.e4 e6
2.d4 d5
3.Nb1d2 c5
4.Ng1f3 Ng8f6
5.e5 Nf6d7
6.c3 Nb8c6
7.Nd2b3 c4
8.Nb3d2 b5
9.b3 Bf8e7
10.Bf1e2 a5
11.bxc4 dxc4
12.a4 b4
13.Bc1b2 bxc3
14.Bb2xc3 Bc8a6
15.Be2xc4 Ba6xc4
16.Nd2xc4 Qd8c7
17.Ra1c1 O-O
18.O-O Rf8c8
19.d5 exd5
20.Qd1xd5 Be7b4
21.e6 Nd7f8
22.exf7 Qc7xf7
23.Qd5xf7 Kxf7
24.Bc3xb4 { resign }
1-0

[Event "Tourn. n9375"]
[Site "www.chess-mail.com"]
[Date "2017.07.22"]
[Round "1"]
[White "Bojan"]
[Black "Falcoale"]
[WhiteElo "1990"]
[BlackElo "2010"]
[Result "0-1"]
[Round "1"]
1.e4 c5
2.Ng1f3 e6
3.c3 b6
4.d4 cxd4
5.Nf3xd4 Bc8b7
6.f3 Ng8f6
7.Bc1f4 d6
8.Bf1b5 Nf6d7
9.e5 a6
10.Bb5d3 dxe5
11.Nd4xe6 fxe6
12.Bf4e3 Bf8e7
13.Nb1d2 Nd7c5
14.Bd3c4 Bb7d5
15.Bc4e2 O-O
16.Qd1c2 Nb8d7
17.c4 Bd5c6
18.b4 Nc5a4
19.a3 Ra8c8
20.Be2d3 Nd7f6
21.O-O b5
22.c5 h6
23.Ra1d1 Nf6d5
24.Be3f2 Nd5c3
25.Rd1e1 Be7f6
26.Nd2b1 Nc3d5
27.Bf2g3 Bf6h4
28.Re1xe5 Bh4xg3
29.hxg3 Nd5c7
30.Re5h5 Nc7d5
31.Rf1e1 Qd8f6
32.Rh5h4 Nd5e7
33.Rh4h3 Ne7d5
34.Qc2c1 Rc8d8
35.Bd3e4 Bc6e8
36.g4 Be8c6
37.g3 Bc6a8
38.Kg2 Nd5c7
39.Be4xa8 Nc7xa8
40.Rh3h5 Qf6xf3
41.Kh3 Rd8d3
42.Re1g1 Rf8f4
43.Rh5h4 Na4c3
44.Nb1xc3 Rd3xc3
45.Qc1d2 Rc3d3
46.Qd2a2 Na8c7
47.Rg1g2 Rd3d4
48.Qa2c2 Nc7d5
49.Qc2g6 Nd5f6
50.Kh2 Nf6xg4
51.Kh3 Ng4f2
52.Rg2xf2 Rf4xh4
{ resign }
0-1

[Event "Tourn. n9424"]
[Site "www.chess-mail.com"]
[Date "2017.07.22"]
[Round "1"]
[White "Bojan"]
[Black "Ffdd65"]
[WhiteElo "2010"]
[BlackElo "2150"]
[Result "0-1"]
[Round "1"]
1.e4 e5
2.Ng1f3 d6
3.d4 f6
4.dxe5 fxe5
5.h3 Ng8f6
6.Nb1c3 b6
7.Bf1c4 h6
8.Nf3h2 Bc8b7
9.f3 Nb8d7
10.Nh2g4 c6
11.Qd1e2 Nf6h5
12.Qe2f2 Bf8e7
13.Bc1e3 Be7h4
14.O-O-O Bh4xf2
15.Be3xf2 Qd8e7
16.Ng4e3 g6
17.a3 O-O-O
18.Rd1d2 Nh5f4
19.g3 Nf4e6
20.Bc4e2 g5
21.Rh1d1 Ne6d4
22.Be2f1 Nd7f6
23.Bf1g2 Kc7
24.Nc3a2 Rd8d7
25.b4 Qe7e6
26.Kb2 Bb7a6
27.Na2c1 Ba6b5
28.c3 Bb5a4
29.cxd4 Ba4xd1
30.Rd2xd1 exd4
31.Ne3f5 c5
32.Nc1d3 Nf6h5
33.Rd1c1 Kb8
34.Bf2e1 Rh8c8
35.b5 Nh5g7
36.Nf5xg7 Rd7xg7
37.Be1d2 c4
38.Nd3b4 c3
{ resign }
0-1

[Event "Tourn. n9330"]
[Site "www.chess-mail.com"]
[Date "2017.07.22"]
[Round "1"]
[White "Francesco"]
[Black "Mihaiiorga"]
[WhiteElo "2150"]
[BlackElo "2160"]
[Result "0-1"]
[Round "1"]
1.e4 c5
2.c3 d6
3.d4 cxd4
4.cxd4 Ng8f6
5.Nb1c3 a6
6.Ng1f3 Bc8g4
7.Bf1e2 e6
8.O-O Nb8c6
9.Bc1g5 Bf8e7
10.h3 Bg4xf3
11.Be2xf3 O-O
12.Ra1c1 Qd8d7
13.a3 Ra8c8
14.b4 b5
15.Rf1e1 h6
16.Bg5h4 g5
17.Bh4g3 Nf6h7
18.d5 Nc6e5
19.Bf3e2 Ne5c4
20.dxe6 fxe6
21.Qd1b3 Nh7f6
22.f3 Nf6h5
23.Bg3f2 Nh5f4
24.Be2f1 Nc4d2
25.Qb3a2 Nd2xf1
26.Kxf1 Nf4d3
27.Bf2g3 Nd3xc1
28.Re1xc1 Be7f6
29.e5 Bf6xe5
30.Bg3xe5 dxe5
31.Qa2e2 Qd7d4
32.Qe2c2 Kg7
33.Rc1d1 Qd4xc3
34.Rd1d7 Kf6
35.Qc2h7 Qc3c1
36.Kf2 Rc8c2
37.Kg3 Qc1f4
{ resign }
0-1

[Event "Tourn. n9456"]
[Site "www.chess-mail.com"]
[Date "2017.07.22"]
[Round "1"]
[White "Panamski"]
[Black "Cjood"]
[WhiteElo "2220"]
[BlackElo "1980"]
[Result "1-0"]
[Round "1"]
1.e4 e5
2.Bf1c4 Ng8f6
3.Nb1c3 c6
4.a4 d5
5.exd5 cxd5
6.Bc4b5 Nb8c6
7.Ng1e2 Bc8d7
8.d4 e4
9.O-O a6
10.Bb5xc6 Bd7xc6
11.Bc1g5 Bf8d6
12.Bg5f4 Bd6xf4
13.Ne2xf4 O-O
14.h4 Qd8d6
15.g3 Qd6b4
16.Qd1d2 h6
17.Nc3xe4 Qb4xb2
18.Ne4xf6 gxf6
19.Rf1b1 Qb2xa1
20.Rb1xa1 { resign }
1-0

[Event "Tourn. n9319"]
[Site "www.chess-mail.com"]
[Date "2017.07.22"]
[Round "1"]
[White "Chessington"]
[Black "Rons"]
[WhiteElo "2240"]
[BlackElo "2590"]
[Result "1-0"]
[Round "1"]
1.Ng1f3 Ng8f6
2.d4 g6
3.Nb1d2 Bf8g7
4.e4 d6
5.Bf1d3 O-O
6.O-O Nb8c6
7.Rf1e1 Rf8e8
8.c3 e5
9.d5 Nc6e7
10.c4 c6
11.Nd2b1 b5
12.dxc6 b4
13.a3 Ne7xc6
14.axb4 Nc6xb4
15.Nb1c3 a5
16.Bd3b1 Bc8a6
17.b3 Qd8c7
18.Bc1e3 Re8b8
19.Re1e2 Nf6g4
20.Be3g5 h6
21.Bg5c1 Ng4f6
22.h3 Nf6d7
23.Bc1e3 Nd7c5
24.Ra1a3 h5
25.Re2d2 Bg7f8
26.Nc3d5 Nb4xd5
27.exd5 Ba6c8
28.Rd2a2 Bc8d7
29.Bb1c2 a4
30.bxa4 Nc5a6
31.Nf3d2 Na6b4
32.Ra2a1 Nb4xc2
33.Qd1xc2 Ra8a5
34.Nd2e4 Bd7f5
35.Be3d2 Ra5a6
36.Qc2d3 Qc7a7
37.Ne4f6 Kh8
38.Qd3e2 Qa7e7
39.Nf6e4 Rb8b2
40.Ra1a2 Qe7b7
41.Ne4c3 Rb2b4
42.a5 Kg8
43.Nc3b5 Rb4b1
44.Kh2 Qb7c8
45.Nb5c3 Rb1b8
46.Nc3a4 Ra6a7
47.Na4b6 Qc8d8
48.Bd2e3 Kg7
49.Ra2b2 h4
50.a6 Qd8c7
51.Rb2b5 Rb8e8
52.Ra3a5 Re8b8
53.Qe2d2 Bf8e7
54.Nb6a4 Rb8a8
55.Be3xa7 Ra8xa7
56.c5 Bf5c8
57.Rb5b6 Qc7d8
58.c6 Be7g5
59.Qd2e1 Bg5f4
60.Kh1 Qd8c7
61.Rb6b7 Bc8xb7
62.cxb7 Ra7xb7
63.axb7 Qc7xb7
64.Na4c3 { resign }
1-0

[Event "Tourn. n9458"]
[Site "www.chess-mail.com"]
[Date "2017.07.22"]
[Round "1"]
[White "Bojan"]
[Black "Astroboy"]
[WhiteElo "2000"]
[BlackElo "2300"]
[Result "0-1"]
[Round "1"]
1.e4 c5
2.c3 Ng8f6
3.d3 Nb8c6
4.Bf1e2 d5
5.f3 e5
6.Qd1b3 Bf8e7
7.Bc1g5 d4
8.Nb1d2 O-O
9.h3 h6
10.Bg5h4 a6
11.Bh4g3 Nf6h5
12.Bg3h2 Be7h4
13.Kd1 Bc8e6
14.Qb3c2 Nh5g3
15.Bh2xg3 Bh4xg3
16.c4 b5
17.a3 Qd8a5
18.b3 Rf8b8
19.Qc2c1 bxc4
20.bxc4 Rb8b7
21.Be2f1 Ra8b8
22.Ra1a2 Nc6b4
23.Ra2a1 Qa5a4
24.Ke2 Nb4xd3
25.Qc1d1 Nd3f4
{ resign }
0-1

[Event "Tourn. n9412"]
[Site "www.chess-mail.com"]
[Date "2017.07.22"]
[Round "1"]
[White "Pdebonis"]
[Black "Rons"]
[WhiteElo "2720"]
[BlackElo "2570"]
[Result "1-0"]
[Round "1"]
1.e4 c5
2.Ng1f3 d6
3.d4 cxd4
4.Nf3xd4 Ng8f6
5.Nb1c3 a6
6.Bc1g5 e6
7.f4 Qd8b6
8.Qd1d2 Qb6xb2
9.Ra1b1 Qb2a3
10.f5 Nb8c6
11.fxe6 fxe6
12.Nd4xc6 bxc6
13.Bf1e2 Bf8e7
14.O-O O-O
15.Rb1b3 Qa3c5
16.Bg5e3 Qc5a5
17.Nc3d5 Qa5d8
18.Nd5xe7 Qd8xe7
19.e5 dxe5
20.Qd2c3 Rf8d8
21.Be3c5 Qe7f7
22.Bc5b6 Rd8d6
23.Be2c4 Qf7h5
24.Qc3e1 Bc8d7
25.Rb3g3 Kh8
26.Bb6c7 Rd6d4
27.Bc4e2 Qh5h4
28.Bc7xe5 Ra8f8
29.Be5xd4 Qh4xd4
30.Qe1f2 Qd4b4
31.Rg3b3 Qb4a5
32.Qf2a7 Bd7c8
33.Qa7e7 { resign }
1-0

[Event "Match"]
[Site "www.echecsemail.com"]
[Date "2017.07.22"]
[Round "1"]
[White "52maurice"]
[Black "86eamon"]
[WhiteElo "1439"]
[BlackElo "1690"]
[Result "0-1"]
[Round "1"]
1.d4 b5
2.b4 Nb8c6
3.c3 Bc8b7
4.Ng1f3 g6
5.g3 Ng8f6
6.Nb1d2 h5
7.h4 Nf6g4
8.a4 Bb7a6
9.a5 Bf8h6
10.e3 g5
11.hxg5 Bh6g7
12.Nf3h4 Rh8f8
13.Nh4f5 Bg7h8
14.Nd2b3 e6
15.e4 exf5
16.e5 Nc6e7
17.Bf1d3 Ne7d5
18.Qd1c2 f6
19.gxf6 Ra8b8
20.Bd3xf5 Ba6b7
21.Bf5g6 Rf8f7
22.Bg6xf7 Kxf7
23.Rh1xh5 Qd8g8
24.a6 Qg8g6
25.Rh5f5 Bb7xa6
26.Ra1xa6 Ng4e3
27.Ke2 Ne3xc2
28.Rf5g5 Nd5xc3
29.Kf1 Qg6h6
30.Kg2 Rb8b6
31.Nb3c5 Nc2xd4
32.Ra6xa7 Nd4e6
33.Nc5xe6 Kxe6
34.Ra7a8 Nc3e2
35.Ra8a3 Ne2xc1
36.f7 Kxf7
37.Ra3f3 Bh8f6
38.Rg5f5 d5
39.exf6 d4
40.Rf5c5 c6
41.Rc5e5 d3
42.Re5e1 d2
43.Re1d1 Rb6b8
44.Rf3c3 Qh6xf6
45.Rc3c2 Rb8d8
46.g4 Qf6f4
47.f3 Rd8h8
48.Rd1h1 Rh8h6
49.Rh1h5 Rh6xh5
50.gxh5 d1Q
51.Rc2f2 Qf4g5
52.Kh2 Qd1g1
53.Kh3 Qg5xh5
{ resign }
0-1

[Event "Match"]
[Site "www.echecsemail.com"]
[Date "2017.07.22"]
[Round "1"]
[White "Add"]
[Black "Cjood"]
[WhiteElo "2250"]
[BlackElo "2170"]
[Result "1-0"]
[Round "1"]
1.c4 c5
2.Nb1c3 Ng8f6
3.e4 e5
4.Ng1f3 Qd8e7
5.d3 Nb8c6
6.Bc1g5 h6
7.Nc3d5 Qe7d8
8.Nd5xf6 gxf6
9.Bg5d2 a5
10.b3 Bf8g7
11.Bd2c3 d6
12.h3 Bc8e6
13.Bf1e2 f5
14.exf5 Be6xf5
15.Qd1c2 Qd8d7
16.Nf3h4 Bf5h7
17.Be2g4 f5
18.Bg4h5 Kd8
19.Bh5e2 Qd7e7
20.Nh4f3 Nc6d4
21.Qc2d2 e4
22.Nf3xd4 cxd4
23.Bc3xa5 Kc8
24.O-O-O e3
25.Qd2b4 exf2
26.Be2f3 f4
27.Kc2 Ra8b8
28.Bf3g4 { resign }
1-0

[Event "Match"]
[Site "www.echecsemail.com"]
[Date "2017.07.22"]
[Round "1"]
[White "Pellix84"]
[Black "Winston"]
[WhiteElo "2060"]
[BlackElo "1940"]
[Result "1-0"]
[Round "1"]
1.d4 d5
2.c4 e6
3.Nb1c3 Ng8f6
4.g3 Bf8b4
5.Bf1g2 c5
6.a3 Bb4xc3
7.bxc3 Nb8c6
8.cxd5 exd5
9.e3 Bc8g4
10.Ng1f3 Bg4xf3
11.Qd1xf3 O-O
12.O-O Nf6e4
13.Qf3g4 Ne4xc3
14.h4 cxd4
15.exd4 Rf8e8
16.Bc1h6 g6
17.h5 Nc3e2
18.Kh1 Ne2xd4
19.hxg6 hxg6
20.Bh6g5 Qd8d6
21.Qg4h4 Nd4e6
22.Bg5f6 Ne6g7
23.Rf1d1 Ng7h5
24.Bf6b2  { time }
1-0

[Event "Match"]
[Site "www.echecsemail.com"]
[Date "2017.07.22"]
[Round "1"]
[White "Irene"]
[Black "Winston"]
[WhiteElo "2100"]
[BlackElo "1940"]
[Result "1-0"]
[Round "1"]
1.d4 d5
2.Ng1f3 Ng8f6
3.Nb1c3 e6
4.Nf3e5 Bf8b4
5.Bc1d2 Bb4xc3
6.Bd2xc3 Nb8d7
7.Bc3b4 Nd7xe5
8.dxe5 Nf6d7
9.f4 c5
10.Bb4a3 O-O
11.e3 Qd8a5
12.c3 b5
13.Qd1b3 Nd7b6
14.Qb3xb5 Qa5xb5
15.Bf1xb5  { time }
1-0

[Event "Match"]
[Site "www.echecsemail.com"]
[Date "2017.07.22"]
[Round "1"]
[White "Gilliere"]
[Black "Winston"]
[WhiteElo "2150"]
[BlackElo "1910"]
[Result "1-0"]
[Round "1"]
1.d4 d5
2.c4 e6
3.c5 Nb8c6
4.e3 Ng8f6
5.Ng1f3 Bc8d7
6.a3 g6
7.Nb1c3 a6
8.b4 b5
9.Bc1b2 Bf8g7
10.Bf1e2 O-O
11.O-O Qd8e7
12.h3 a5
13.Nf3e5 axb4
14.Ne5xc6 Bd7xc6
15.axb4 Ra8xa1
16.Bb2xa1 Rf8a8
17.Nc3xb5 Nf6e4
18.Be2d3 e5
19.dxe5 Qe7xe5
20.Ba1xe5 { resign }
1-0

[Event "1/8 Finale"]
[Site "www.chess-mail.com"]
[Date "2017.07.22"]
[Round "1"]
[White "George1955"]
[Black "Vega"]
[WhiteElo "2760"]
[BlackElo "2530"]
[Result "1/2-1/2"]
[Round "1"]
1.e4 c5
2.Ng1f3 Nb8c6
3.d4 cxd4
4.Nf3xd4 e5
5.Nd4b5 d6
6.Nb1c3 a6
7.Nb5a3 Bc8e6
8.Na3c4 Ng8f6
9.Bc1g5 Ra8c8
10.Bg5xf6 Qd8xf6
11.Nc4b6 Rc8b8
12.Nb6d5 Qf6d8
13.Bf1c4 g6
14.O-O Bf8h6
15.Nd5e3 O-O
16.Bc4b3 b5
17.Qd1d3 Nc6d4
18.Ra1d1 Kg7
19.Bb3xe6 fxe6
20.Nc3b1 Bh6f4
21.Nb1d2 Qd8c7
22.c3 Nd4c6
{ draw }
1/2-1/2

[Event "1/128 Finale"]
[Site "www.chess-mail.com"]
[Date "2017.07.22"]
[Round "1"]
[White "Bojan"]
[Black "Gvladutz"]
[WhiteElo "1960"]
[BlackElo "2329"]
[Result "0-1"]
[Round "1"]
1.e4 c6
2.d4 d5
3.Nb1c3 dxe4
4.Nc3xe4 Bc8f5
5.f3 Ng8f6
6.Ne4xf6 exf6
7.c3 Bf8d6
8.Bf1d3 Bf5xd3
9.Qd1xd3 O-O
10.Ng1e2 Rf8e8
11.Bc1d2 c5
12.O-O-O Nb8c6
13.Ne2g3 Bd6c7
14.Ng3e2 Qd8d7
15.Rh1e1 Bc7xh2
16.Re1h1 Nc6e5
17.Qd3c2 Ne5g6
18.Ne2f4 Bh2xf4
19.Bd2xf4 Ng6xf4
20.Qc2xh7 Kf8
21.dxc5 Qd7b5
22.Rd1d2 Ra8d8
23.Qh7c2 Rd8xd2
24.Qc2xd2 g5
25.g3 Nf4d3
26.Kb1 Re8e3
27.b4 Re3xf3
28.g4 Rf3f2
29.Qd2d1 Rf2b2
30.Ka1 Qb5c4
31.Qd1a4 Rb2h2
{ resign }
0-1

[Event "Eq:Last King-Slap Shot Mates : "]
[Site "www.chess-mail.com"]
[Date "2017.07.22"]
[Round "1"]
[White "Bira47"]
[Black "Coolant"]
[WhiteElo "2030"]
[BlackElo "2280"]
[Result "0-1"]
[Round "1"]
1.c4 Ng8f6
2.g3 g6
3.Bf1g2 Bf8g7
4.Nb1c3 O-O
5.e3 d6
6.h3 e5
7.b3 c6
8.Ng1e2 Bc8e6
9.g4 Nb8a6
10.d4 exd4
11.exd4 d5
12.c5 Rf8e8
13.O-O b6
14.Nc3a4 Qd8e7
15.Ne2f4 bxc5
16.Nf4xe6 fxe6
17.dxc5 Nf6e4
18.Bc1b2 Bg7xb2
19.Na4xb2 Ne4xc5
20.Rf1e1 Qe7f6
21.Nb2d3 Nc5xd3
22.Qd1xd3 Na6c7
23.Ra1c1 e5
24.Qd3c3 Re8e6
25.a4 Ra8f8
26.f3 Qf6f4
27.Qc3e3 Qf4xe3
28.Re1xe3 d4
29.Re3d3 Nc7d5
30.Rc1c4 Nd5f4
31.Rd3d2 Rf8b8
32.b4 Nf4d5
33.b5 cxb5
34.axb5 Rb8xb5
35.Rc4c8 Kf7
36.f4 Nd5xf4
37.Rc8c7 Re6e7
38.Rc7xe7 Kxe7
39.Bg2e4 Kd6
40.Kh2 Rb5b3
41.Be4g2 a5
42.Rd2a2 d3
43.Ra2d2 a4
44.Bg2f3 a3
45.Rd2a2 Rb3b2
 { time }
0-1

[Event "Eq:Super Chess Team-Tigers of Istanbul : "]
[Site "www.chess-mail.com"]
[Date "2017.07.22"]
[Round "1"]
[White "Orhany24"]
[Black "Antuan72"]
[WhiteElo "2140"]
[BlackElo "1970"]
[Result "0-1"]
[Round "1"]
1.e4 c5
2.Ng1f3 Nb8c6
3.d4 cxd4
4.Nf3xd4 Ng8f6
5.Nd4xc6 bxc6
6.Bf1d3 d6
7.c4 e6
8.O-O Bf8e7
9.Nb1c3 O-O
10.h3 Bc8b7
11.Bc1e3 h6
12.f4 Nf6h7
13.g4 d5
14.cxd5 cxd5
15.exd5 exd5
16.Be3d4 Be7f6
17.Bd3c2 Bf6xd4
18.Qd1xd4 Qd8h4
19.Kg2 Rf8e8
20.Ra1d1 Nh7f6
21.Bc2b3 Nf6e4
22.Nc3xe4 Re8xe4
23.Qd4d3 Ra8e8
24.Rf1f2 Re4e3
{ resign }
0-1

[Event "Tourn. n9414"]
[Site "www.chess-mail.com"]
[Date "2017.07.23"]
[Round "1"]
[White "Madz123456"]
[Black "Maj16"]
[WhiteElo "1730"]
[BlackElo "1779"]
[Result "1-0"]
[Round "1"]
1.e4 c5
2.Ng1f3 Nb8c6
3.d4 cxd4
4.Nf3xd4 e6
5.Nb1c3 Qd8c7
6.Bf1e2 a6
7.O-O Ng8f6
8.Bc1e3 Bf8b4
9.Nc3a4 Bb4e7
10.Nd4xc6 bxc6
11.Na4b6 Ra8b8
12.Nb6xc8 Qc7xc8
13.Be3d4 c5
14.Bd4e5 Rb8b6
15.b3  { time }
1-0

[Event "Tourn. n9447"]
[Site "www.chess-mail.com"]
[Date "2017.07.23"]
[Round "1"]
[White "Cjood"]
[Black "Madz123456"]
[WhiteElo "2140"]
[BlackElo "2050"]
[Result "1-0"]
[Round "1"]
1.g3 e5
2.Bf1g2 Ng8f6
3.e3 d5
4.d4 Bf8b4
5.c3 Bb4d6
6.Qd1b3 Nb8c6
7.Bg2xd5  { time }
1-0

[Event "Tourn. n9407"]
[Site "www.chess-mail.com"]
[Date "2017.07.23"]
[Round "1"]
[White "Ditto"]
[Black "Falcao"]
[WhiteElo "1860"]
[BlackElo "1799"]
[Result "1-0"]
[Round "1"]
1.e4 c5
2.Bf1c4 Nb8c6
3.d3 e5
4.Nb1c3 Ng8f6
5.Ng1f3 Bf8e7
6.Nf3g5 O-O
7.Bc1d2 Nc6a5
8.Bc4b5 a6
9.Bb5a4 b5
10.Ba4b3 Na5xb3
11.axb3 b4
12.Nc3e2 d5
13.O-O dxe4
14.dxe4 Nf6h5
15.Ng5f3 Bc8b7
16.c3  { time }
1-0

[Event "Tourn. n9454"]
[Site "www.chess-mail.com"]
[Date "2017.07.23"]
[Round "1"]
[White "Astroboy"]
[Black "Lucaschess"]
[WhiteElo "2300"]
[BlackElo "2080"]
[Result "1-0"]
[Round "1"]
1.e4 e5
2.f4 d5
3.exd5 c6
4.Nb1c3 Bf8c5
5.Ng1f3 Ng8f6
6.fxe5 Nf6xd5
7.d4 Bc5b4
8.Bc1d2 Qd8a5
9.a3 Bb4xc3
10.bxc3 Nd5xc3
11.Qd1c1 Nb8d7
12.Qc1b2 Nc3a4
13.Qb2b3 { resign }
1-0

[Event "Tourn. n9430"]
[Site "www.chess-mail.com"]
[Date "2017.07.23"]
[Round "1"]
[White "Passaroa25"]
[Black "Fantomas"]
[WhiteElo "1680"]
[BlackElo "1709"]
[Result "0-1"]
[Round "1"]
1.e4 c6
2.f3 g6
3.Ng1e2 Bf8g7
4.c3 d5
5.Ne2g3 Qd8c7
6.d3 Bg7e5
7.Nb1d2 Be5xg3
8.hxg3 Qc7xg3
9.Ke2 Ng8f6
10.Qd1e1 Nf6h5
11.Qe1xg3 Nh5xg3
12.Ke3 Ng3xh1
13.e5 Nh1g3
14.d4 Ng3xf1
15.Ke2 Nf1g3
16.Kd1 Bc8f5
17.Nd2b3 f6
18.Bc1h6 Kf7
19.exf6 exf6
20.Ke1 g5
21.Nb3c5 b6
22.Nc5b7 Kg6
23.Bh6xg5 Kxg5
24.Nb7d6 Bf5g6
25.Ra1d1 Ng3f5
26.Nd6xf5 Bg6xf5
27.b4 Kf4
28.a4 Rh8e8
29.Kf2 Nb8d7
30.g3 Kg5
31.f4 Kg6
32.Rd1d2 Bf5g4
33.Rd2d3 Re8e2
34.Kf1 Ra8e8
35.Rd3d1 Re2h2
36.Kg1 Re8e2
{ resign }
0-1

[Event "Tourn. n9458"]
[Site "www.chess-mail.com"]
[Date "2017.07.23"]
[Round "1"]
[White "Luban"]
[Black "Bojan"]
[WhiteElo "2170"]
[BlackElo "2000"]
[Result "1-0"]
[Round "1"]
1.d4 g6
2.c4 Bf8g7
3.e3 d5
4.h3 dxc4
5.Bf1xc4 e6
6.Ng1f3 b6
7.Nb1c3 Bc8b7
8.O-O c6
9.e4 Qd8e7
10.Rf1e1 h6
11.Qd1c2 Ng8f6
12.d5 e5
13.Bc1e3 O-O
14.Ra1d1 cxd5
15.Nc3xd5 Nf6xd5
16.Bc4xd5 Nb8a6
17.Qc2b3 Ra8b8
18.a3 Kh7
19.Qb3a2 f6
20.b4 Na6c7
21.Rd1d2 Nc7xd5
22.exd5 Rb8d8
23.Re1d1 Rd8d6
24.a4 Rf8d8
25.a5 bxa5
26.Be3c5 axb4
27.Bc5xb4 Bb7a8
28.Bb4xd6 Rd8xd6
29.Rd1a1 Rd6d7
30.d6 Qe7d8
31.Nf3e1 e4
32.Qa2e6 f5
33.Ra1a3 a5
34.Ne1c2 Ba8c6
35.Nc2d4 Rd7xd6
36.Nd4xc6 Rd6xe6
37.Nc6xd8 Re6a6
38.Rd2d5 Bg7c3
39.Ra3xc3 { resign }
1-0

[Event "Match"]
[Site "www.echecsemail.com"]
[Date "2017.07.23"]
[Round "1"]
[White "Ditto"]
[Black "Azorau"]
[WhiteElo "1760"]
[BlackElo "1810"]
[Result "0-1"]
[Round "1"]
1.e4 e5
2.Ng1f3 Nb8c6
3.Bf1c4 h6
4.O-O Ng8f6
5.d4 Nf6xe4
6.c3 d5
7.Bc4b5 Bc8d7
8.Bc1e3 Nc6a5
9.Bb5a4 b5
10.Ba4c2 Na5c4
11.Be3c1 Ne4f6
12.dxe5 Nf6g4
13.Bc1f4 c6
14.b3 Nc4b6
15.Nb1d2 Qd8c7
16.Rf1e1 Bf8c5
17.Re1f1 O-O-O
18.b4 Bc5e7
19.a4 g5
20.Bf4g3 h5
21.h3 Ng4h6
22.Nf3d4 Bd7e6
23.axb5 h4
24.Bg3h2 Rd8g8
25.bxc6 g4
26.Bh2f4 gxh3
27.g3 Be6g4
28.Qd1e1 Be7g5
29.Bf4xg5 Rg8xg5
30.b5 h2
31.Kxh2 hxg3
32.fxg3 Rg5xe5
33.Rf1f6 Nh6g8
34.Kg2 Ng8xf6
35.Qe1f2 Bg4h3
36.Kg1 Nf6g4
37.Qf2f3 Ng4e3
38.Bc2b3 Bh3g4
39.Qf3f4 f5
40.Bb3a2 Nb6a4
41.Ra1c1 Qc7h7
42.Ba2b3 Qh7h1
43.Kf2 Rh8h2
{ resign }
0-1

[Event "Match"]
[Site "www.echecsemail.com"]
[Date "2017.07.23"]
[Round "1"]
[White "Bojan"]
[Black "Cjood"]
[WhiteElo "2020"]
[BlackElo "1900"]
[Result "0-1"]
[Round "1"]
1.d4 g6
2.e4 c5
3.c3 e6
4.d5 exd5
5.exd5 a6
6.Bc1d2 Bf8g7
7.Bd2e3 Qd8b6
8.b3 Qb6a5
9.Qd1e2 Ng8e7
10.Be3d2 O-O
11.c4 Qa5d8
12.Nb1c3 Rf8e8
13.Kd1 Ne7xd5
14.Qe2f3 Nd5xc3
15.Bd2xc3 Nb8c6
16.Bc3xg7 Kxg7
17.Bf1d3 Nc6e5
18.Qf3g3 Ne5xd3
19.Qg3xd3 Qd8f6
20.Ra1c1 Qf6xf2
21.Qd3c3 f6
22.Rc1c2 Qf2f1
23.Kd2 Qf1e1
{ resign }
0-1